Southville International School and Colleges
Your cart is empty.
  • Cart
  • Lists
    Public lists Eva Luna New books Lux_list list_1
    Your lists Log in to create your own lists
  • Log in to your account
  • Your cookies
  • Search history
Southville International School and Colleges
  • Advanced search
  • Recent comments
  • Most popular
  • Libraries

Log in to your account

Log in with GOOGLE


If you do not have an external account, but do have a local account, you can still log in:

  1. Home
  2. MARC view: Introduction to finance /
Normal view MARC view ISBD view

Introduction to finance / (Record no. 20647)

[ view plain ]
MARC details
000 -LEADER
fixed length control field 00587nam a2200217 a 4500
003 - CONTROL NUMBER IDENTIFIER
control field OSt
005 - DATE AND TIME OF LATEST TRANSACTION
control field 20140508102954.0
008 - FIXED-LENGTH DATA ELEMENTS--GENERAL INFORMATION
fixed length control field 040804s19uu xx 00 eng d
020 ## - INTERNATIONAL STANDARD BOOK NUMBER
International Standard Book Number 9780201635379
050 ## - LIBRARY OF CONGRESS CALL NUMBER
Classification number HG 173
Item number .G58 2001
100 ## - MAIN ENTRY--PERSONAL NAME
Personal name Gitman, Lawrence J.
245 ## - TITLE STATEMENT
Title Introduction to finance /
Statement of responsibility, etc Lawrence J. Gitman.
260 ## - PUBLICATION, DISTRIBUTION, ETC. (IMPRINT)
Place of publication, distribution, etc Boston :
Name of publisher, distributor, etc Addison & Wesley,
Date of publication, distribution, etc c2001.
300 ## - PHYSICAL DESCRIPTION
Extent 755 p. :
Other physical details col. ill. ;
Dimensions 26 cm.
500 ## - GENERAL NOTE
General note Includes bibliography & index.
521 ## - TARGET AUDIENCE NOTE
Target audience note
650 ## - SUBJECT ADDED ENTRY--TOPICAL TERM
Topical term or geographic name as entry element Finance.
700 ## - ADDED ENTRY--PERSONAL NAME
Personal name Madura, Jeff
942 ## - ADDED ENTRY ELEMENTS (KOHA)
Koha item type Books
Source of classification or shelving scheme Library of Congress Classification
Call number prefix Filipininana
Holdings
Withdrawn status Lost status Source of classification or shelving scheme Damaged status Home library Current library Shelving location Date acquired Total Checkouts Full call number Barcode Date last seen Copy number Koha item type
    Library of Congress Classification   College Library College Library General Circulation Section 08/04/2004   HG 173 .G58 2001 C5091 05/15/2018 1 Books

Introduction to finance /

APA

Gitman L. J., Madura J., . (2001). Introduction to finance. Boston: Addison & Wesley.

Chicago

Gitman Lawrence J, Madura Jeff, . 2001. Introduction to finance. Boston: Addison & Wesley.

Harvard

Gitman L. J., Madura J., . (2001). Introduction to finance. Boston: Addison & Wesley.

MLA

Gitman Lawrence J, Madura Jeff, . Introduction to finance. Boston: Addison & Wesley. 2001.

  • Place hold
  • Print
  • Cite
  • Add to your cart (remove)
  • Save record
    BIBTEX Dublin Core MARCXML MARC (non-Unicode/MARC-8) MARC (Unicode/UTF-8) MARC (Unicode/UTF-8, Standard) MODS (XML) RIS
  • More searches
    Search for this title in:
    Other Libraries (WorldCat) Other Databases (Google Scholar) Online Stores (Bookfinder.com) Open Library (openlibrary.org)

Exporting to Dublin Core...

SOUTHVILLE LIBRARY

Southville International School and Colleges Library

1281 Tropical Ave. Cor. Luxembourg St., BF Homes International, Las Pinas City

Tel. No. 8256374 / 252358 Loc. 117/146

Powered by Koha